Energy technology: Non conventional, Renewable and conventional / (Record no. 12953)
[ view plain ]
| 000 -LEADER | |
|---|---|
| fixed length control field | 00453cam a2200169ua 4500 |
| 003 - CONTROL NUMBER IDENTIFIER | |
| control field | OSt |
| 008 - FIXED-LENGTH DATA ELEMENTS--GENERAL INFORMATION | |
| fixed length control field | 241029b |||||||| |||| 00| 0 eng d |
| 020 ## - INTERNATIONAL STANDARD BOOK NUMBER | |
| ISBN | 8174090401 |
| 082 ## - DEWEY DECIMAL CLASSIFICATION NUMBER | |
| Classification number | 621.47 |
| Item number | RAO/EN |
| 100 ## - MAIN ENTRY--AUTHOR NAME | |
| Personal name | Rao, S; . |
| 245 ## - TITLE STATEMENT | |
| Title | Energy technology: Non conventional, Renewable and conventional / |
| 250 ## - EDITION STATEMENT | |
| Edition statement | 3 / |
| 260 ## - PUBLICATION, DISTRIBUTION, ETC. (IMPRINT) | |
| Place of publication | Delhi : |
| Name of publisher | Khanna publishers , |
| Year of publication | 2005. |
| 300 ## - PHYSICAL DESCRIPTION | |
| Number of Pages | ; . |
| 700 1# - ADDED ENTRY--PERSONAL NAME | |
| Personal name | Parulekar, B.B . |
| 942 ## - ADDED ENTRY ELEMENTS (KOHA) | |
| Koha item type | Books |
| Withdrawn status | Lost status | Damaged status | Home library | Current library | Shelving location | Date acquired | Full call number | Accession Number | Koha item type | Collection code | Source of acquisition | Cost, normal purchase price |
|---|---|---|---|---|---|---|---|---|---|---|---|---|
| KAUAET | KAUAET | Shelf- 7A | 07/04/2012 | 621.47 RAO/EN | 21257 | Books | ||||||
| KAUAET | KAUAET | Shelf- 7A | 07/04/2012 | 621.47 RAO/EN | 21499 | Books | ||||||
| KAUAET | KAUAET | Shelf- 7A | 30/03/2013 | 621.47 RAO/EN | 24016 | Books | Non-fiction | Aman Book Stall, Calicut | 240.00 | |||
| KAUAET | KAUAET | Shelf- 7A | 30/03/2013 | 621.47 RAO/EN | 24017 | Books | Non-fiction | Aman Book Stall, Calicut | 240.00 | |||
| KAUAET | KAUAET | Shelf- 7A | 02/07/2016 | 621.47 RAO/EN | 24984 | Books | Aman Book Stall, Calicut | 275.00 | ||||
| KAUAET | KAUAET | Shelf- 7A | 05/07/2016 | 621.47 RAO/EN | 24985 | Books | Aman Book Stall, Calicut | 275.00 |
